| 000 | 00624nam a2200217Ia 4500 | ||
|---|---|---|---|
| 001 | 10239 | ||
| 003 | AR-BaAGN | ||
| 005 | 20231116141439.0 | ||
| 007 | ta | ||
| 008 | 211213s1890 sp |||||||||||||| ||spa d | ||
| 040 |
_dAR-BaAGN _aAR-BaAGN _bspa _eaacr |
||
| 110 | _aGrupo Once de Noviembre | ||
| 245 | 1 | 0 |
_aSegundo certamen socialista : _bcelebrado en Barcelona el día 10 de noviembre de 1889 en el Palacio de Bellas Artes |
| 260 |
_aBarcelona : _bLa Academia, _c1890. |
||
| 300 | _a72 páginas | ||
| 336 |
_2rdacontent _btxt |
||
| 337 |
_2rdamedia _bn |
||
| 338 |
_2rdacarrier _bnc |
||
| 942 | _cLIBRO | ||
| 999 |
_c10239 _d10239 |
||